Fußballvereine außerhalb der Top 5-Ligen - Wappen - Statistiken

Allgemein
  • Dieses Quiz wurde 140 mal gespielt
  • Das Durchschnittsergebnis liegt bei 20 aus 24
Antwortstatistiken
Bildquiz Antwort % Korrekt
Ajax Amsterdam
98%
PSV Eindhoven
98%
FC Porto
97%
Benfica Lissabon
96%
Sporting Lissabon
96%
Club Brügge
94%
Fenerbahce SK
91%
Galatasaray SK
91%
RB Salzburg
91%
Celtic Glasgow
88%
Besiktas JK
87%
Zenit St. Petersburg
87%
Schachtar Donezk
85%
Feyenoord Rotterdam
83%
AZ Alkmaar
82%
Al-Hilal
80%
Sporting Braga
80%
River Plate
78%
KRC Genk
72%
Flamengo Rio de Janeiro
69%
Palmeiras Sao Paulo
67%
Botafogo FR
57%
al-Nassr FC
56%
al-Ahli
28%
Keine übereinstimmenden Quizze gefunden
Verteilung der Resultate
Anzahl Personen mit jedem Resultat
Perzentil nach korrekt beantworteten Fragen
Ihre Resultats-Entwicklung
Sie haben dieses Quiz noch nicht gespielt